50 Most Popular Palindromes - Statistics

General Stats
  • This quiz has been taken 46 times
  • The average score is 19 of 50
Answer Stats
Answer % Correct
Mom
89%
Dad
83%
Pop
77%
Bob
69%
Tot
66%
Wow
66%
Tit
63%
Dud
60%
Gag
60%
Deed
57%
Did
57%
Gig
57%
Non
57%
Pip
57%
Bib
54%
Noon
54%
Poop
54%
Level
49%
Nun
49%
Racecar
49%
Naan
43%
Pap
43%
Pep
43%
Sees
40%
Toot
40%
Boob
37%
Eye
34%
Kayak
34%
Peep
34%
Sis
34%
Yay
34%
Radar
29%
Madam
26%
Mum
20%
Redder
20%
Rotor
20%
Civic
17%
Reer
17%
Kook
14%
Stats
14%
Refer
11%
Solos
11%
Tenet
11%
Sagas
6%
Pullup
3%
Repaper
3%
Alula
0%
Lemel
0%
Reviver
0%
Rotator
0%
No matching quizzes found
Score Distribution
Percent of People with Each Score
Percentile by Number Answered
Your Score History
You have not taken this quiz